Behavior in organizations : Understanding and managing the human side of work
Wedi'i Gadw mewn:
| Prif Awdur: | |
|---|---|
| Fformat: | Llyfr |
| Iaith: | Undetermined |
| Cyhoeddwyd: |
Upper Saddle River
Prentice Hall
2003
|
| Pynciau: | |
| Tagiau: |
Ychwanegu Tag
Dim Tagiau, Byddwch y cyntaf i dagio'r cofnod hwn!
|
| Thư viện lưu trữ: | Trung tâm Học liệu Trường Đại học Cần Thơ |
|---|
| LEADER | 00593nam a2200205Ia 4500 | ||
|---|---|---|---|
| 001 | CTU_100305 | ||
| 008 | 210402s9999 xx 000 0 und d | ||
| 020 | |c 490000 | ||
| 082 | |a 658.3 | ||
| 082 | |b G798 | ||
| 100 | |a Greenberg, Jerald | ||
| 245 | 0 | |a Behavior in organizations : | |
| 245 | 0 | |b Understanding and managing the human side of work | |
| 245 | 0 | |c Jerald Greenberg, Robert A. Baron | |
| 260 | |a Upper Saddle River | ||
| 260 | |b Prentice Hall | ||
| 260 | |c 2003 | ||
| 650 | |a Organizational behavior | ||
| 904 | |i Giang | ||
| 980 | |a Trung tâm Học liệu Trường Đại học Cần Thơ | ||